[Event "Belgorod"]
[Site "Belgorod"]
[Date "1991.??.??"]
[Round "?"]
[White "Wegner, Hannu"]
[Black "Zelcic, Robert"]
[Result "1-0"]
[WhiteElo "2435"]
[BlackElo "2415"]

1.d4 Nf6 2.c4 c5 3.d5 e6 4.Nc3 exd5 5.cxd5 d6 6.Nf3 g6 7.Bf4 Bg7 8.Qa4+ Bd7
9.Qb3 b5 10.Nxb5 Bxb5 11.Qxb5+ Nbd7 12.Bxd6 Ne4 13.Be5 O-O 14.Bxg7 Kxg7 15.Qa4 Rb8
16.Qxe4 Qa5+ 17.Nd2 Rxb2 18.Rd1 Rfb8 19.Qf4 c4 20.Qd4+ Kg8 21.e3 Rxd2 22.Rxd2 Rb1+
23.Ke2 c3 24.Rc2 Qa6+ 25.Kf3 Qd6 26.g3 Rb4 27.Qd1 Ne5+ 28.Kg2 Rb1 29.Qe2 Rb2
30.e4 Qa3 31.Rxb2 cxb2 32.Qd1 Qxa2 33.Bd3 a5 34.Bb1 Qc4 35.d6 Qe6 36.Re1  1-0

[Event "Belgorod"]
[Site "Belgorod"]
[Date "1991.??.??"]
[Round "?"]
[White "Yakovich, Yuri"]
[Black "Zelcic, Robert"]
[Result "1-0"]
[WhiteElo "2530"]
[BlackElo "2415"]

1.d4 Nf6 2.c4 c5 3.d5 e6 4.Nc3 exd5 5.cxd5 d6 6.Nf3 g6 7.Bf4 Bg7 8.Qa4+ Bd7
9.Qb3 b5 10.Bxd6 Qb6 11.Be5 c4 12.Qd1 O-O 13.e3 b4 14.Nb1 Bb5 15.Nbd2 Rc8
16.Rc1 Nbd7 17.Bxc4 Nxe5 18.Nxe5 Bxc4 19.Ndxc4 Qa6 20.O-O Re8 21.Nc6 Re4
22.Qb3  1-0

[Event "Benidorm op"]
[Site "Benidorm"]
[Date "1991.??.??"]
[Round "9"]
[White "Sadler, Matthew"]
[Black "Garcia, J."]
[Result "1-0"]
[WhiteElo "2440"]
[BlackElo "2335"]

1.d4 Nf6 2.c4 c5 3.d5 e6 4.Nc3 exd5 5.cxd5 d6 6.Nf3 g6 7.Nd2 Nbd7 8.e4 Bg7
9.Nc4 Nb6 10.Ne3 O-O 11.Bd3 Re8 12.O-O Nbd7 13.a4 Nh5 14.g3 a6 15.a5 Bd4
16.Nf5 gxf5 17.Qxh5 Ne5 18.Bg5 f6 19.Bxf6 Qxf6 20.Qxe8+ Kg7 21.exf5 Bxf5
22.Qxa8 Bxd3 23.Qxb7+ Kh6 24.Rad1 Bf5 25.Qb3 c4 26.Qa3 Bc5 27.Qa1 Kg7 28.Qc1 h5
29.Qf4 Ng6 30.Qxc4 Ne5 31.Qf4 Ng6 32.Qa4 Bh3 33.Qe4 Bf5 34.Qg2 Bg4 35.Rd3 Qf5
36.Qe4 Qf7 37.Re3 Ne5 38.Qf4 Qg6 39.Rxe5 dxe5 40.Qxe5+ Kh6 41.Qf4+  1-0

[Event "Biel Mixed"]
[Site "Biel"]
[Date "1991.??.??"]
[Round "5"]
[White "Cramling, Pia"]
[Black "Antonio, Rogelio Jr"]
[Result "1/2-1/2"]
[WhiteElo "2485"]
[BlackElo "2495"]

1.d4 Nf6 2.c4 e6 3.Nf3 c5 4.d5 d6 5.Nc3 exd5 6.cxd5 g6 7.h3 a6 8.a4 Bg7 9.e4 O-O
10.Bd3 Re8 11.O-O c4 12.Bxc4 Nxe4 13.Nxe4 Rxe4 14.Bg5 Bf6 15.Bd3 Re8 16.Qd2 Bxg5
17.Nxg5 Re5 18.f4 Rxd5 19.Qe3 Nc6 20.Rae1 Bd7 21.Bc4 Rf5 22.g4 Rxg5 23.fxg5 Ne5
24.Qf4 Be6 25.Bxe6 fxe6 26.Re2 Qc7 27.Kh2 Qe7 28.Rc2 a5 29.Rc3 Nc6 30.Rcf3 Ne5
31.R3f2 Rc8 32.Qd4 Nc6 33.Qf6 Qxf6 34.Rxf6 Nd4 35.R1f2 e5 36.Rf7 d5 37.Rd7 e4
38.Rxd5 e3 39.Rxd4 exf2 40.Kg2 Rc1 41.Kxf2  1/2-1/2

[Event "Biel op"]
[Site "Biel"]
[Date "1991.??.??"]
[Round "8"]
[White "Barlov, Dragan"]
[Black "Zelcic, Robert"]
[Result "0-1"]
[WhiteElo "2475"]
[BlackElo "2410"]

1.d4 Nf6 2.Nf3 e6 3.c4 c5 4.d5 exd5 5.cxd5 d6 6.Nc3 g6 7.Bf4 Bg7 8.Qa4+ Bd7
9.Qb3 b5 10.Nxb5 Bxb5 11.Qxb5+ Nbd7 12.Bxd6 Ne4 13.Be5 O-O 14.Bxg7 Kxg7 15.Qa4 Rb8
16.Qxe4 Qa5+ 17.Nd2 Rxb2 18.Rd1 Nf6 19.Qe5 Rxa2 20.e3 Re8 21.Qf4 Rxd2 22.Rxd2 Ne4
23.Qxe4 Rxe4 24.Bd3 Ra4 25.Ke2 c4 26.Bc2 Ra2 27.Rc1 Qa3 28.Kd1 Qd6 29.g3 f5
30.e4 c3 31.Re2 Qe5 32.Ke1 fxe4 33.Rd1 Qh5  0-1

[Event "Utasellato NK"]
[Site "Budapest"]
[Date "1991.??.??"]
[Round "1"]
[White "Csonkics, Tunde"]
[Black "Grabert, Ralf"]
[Result "1/2-1/2"]
[WhiteElo "2320"]
[BlackElo "2305"]

1.d4 Nf6 2.c4 e6 3.Nf3 c5 4.d5 exd5 5.cxd5 d6 6.Nc3 g6 7.Nd2 Bg7 8.e4 O-O
9.Be2 a6 10.a4 Re8 11.O-O Nbd7 12.f4 c4 13.Kh1 Nc5 14.e5 dxe5 15.fxe5 Rxe5
16.Nxc4 Rf5 17.Bf4 Nxd5 18.Ne3 Be6 19.Ncxd5 Rxd5 20.Nxd5 Qxd5 21.Bf3 Qxd1
22.Rfxd1 Bb3 23.Rd2 Bxa4 24.Bxb7 Re8 25.Bd5 Nb3 26.Bxb3 Bxb3 27.h3 Bc4 28.Rc1 Bb5
29.Rc5 h5 30.Rc7 Bf6 31.Kh2 Re7 32.Bd6 Re6 33.Rc8+ Kh7 34.Bb8 Kg7 35.g3 h4
36.gxh4 Bxh4 37.Bg3 Bf6 38.Rc7 Re3 39.Rf2 Rxg3 40.Rxf6 Rxh3+ 41.Kxh3 Kxf6
42.Kg4 g5 43.Rc5  1/2-1/2

[Event "Spring op"]
[Site "Budapest"]
[Date "1991.??.??"]
[Round "9"]
[White "Ikonnikov, Vyacheslav"]
[Black "Emeljanov, Artur"]
[Result "1-0"]
[WhiteElo "2480"]
[BlackElo "2285"]

1.d4 Nf6 2.Nf3 e6 3.c4 c5 4.d5 exd5 5.cxd5 d6 6.Nc3 g6 7.e4 Bg7 8.Be2 O-O
9.O-O a6 10.a4 Re8 11.Qc2 Nbd7 12.Bg5 Qc7 13.Nd2 Rb8 14.a5 b5 15.axb6 Rxb6
16.Nc4 Rb4 17.Bf4 Bf8 18.f3 Nb6 19.b3 Nxc4 20.Bxc4 Nh5 21.Bd2 Bg7 22.g4 Bd4+
23.Kg2 Ng7 24.Bxa6 Bxa6 25.Rxa6 Qb7 26.Ra3 h5 27.Ne2 hxg4 28.fxg4 Rb6 29.Nxd4 cxd4
30.b4 f5 31.gxf5 gxf5 32.Rg3 Rxe4 33.Rxf5 Re2+ 34.Kf1 Rxh2 35.Qe4 Qd7 36.Rxg7+ Qxg7
37.Rg5 Rb7 38.Ke1 Rh6  1-0

[Event "Elekes mem"]
[Site "Budapest"]
[Date "1991.??.??"]
[Round "10"]
[White "Stern, Rene"]
[Black "Horvath, Jozsef"]
[Result "1/2-1/2"]
[WhiteElo "2370"]
[BlackElo "2540"]

1.d4 Nf6 2.c4 e6 3.Nf3 c5 4.d5 exd5 5.cxd5 d6 6.Nc3 g6 7.g3 Bg7 8.Bg2 O-O
9.O-O Nbd7 10.h3 Re8 11.Nd2 a6 12.a4 Rb8 13.Nc4 Nb6 14.Na3 Bd7 15.e4 Qc7
16.Re1 Nc8 17.Qd3 Na7 18.Rb1 b5 19.axb5 axb5 20.b4 cxb4 21.Rxb4 Qc5 22.Nc2 Ng4
23.Nd1 Ne5 24.Qb3 Rbc8 25.Nde3 Nc4 26.Nxc4 bxc4 27.Qe3 Nb5 28.Qxc5 Rxc5 29.Be3 Rc7
30.Rf1 Bc3 31.Rbb1 Ra8 32.Rfc1 Ra4 33.Bf1 Bf6 34.Rb4 Nc3 35.Rxa4 Nxa4 36.Bd4 Bxd4
37.Nxd4 Nb2 38.Rc2 Rb7 39.Kg2 Ba4 40.Rc1 Kg7 41.Be2 Bb3 42.Kf3 Ra7 43.Ke3 Ra2
44.f4 Ra3 45.Nb5 Ra6 46.e5 Ra5 47.Nxd6 Rxd5 48.Bxc4 Nxc4+ 49.Nxc4 Bxc4 50.Rxc4 h5
51.Rc7 Kf8 52.g4 hxg4 53.hxg4 Ra5 54.Rd7 g5 55.Rd4 gxf4+ 56.Kxf4 Ke7 57.Rb4 Ra1
58.Rb7+ Ke6 59.Rb6+ Ke7  1/2-1/2

[Event "Budapest IM"]
[Site "Budapest"]
[Date "1991.??.??"]
[Round "12"]
[White "Orso, Miklos"]
[Black "Bordas, Gyula"]
[Result "1-0"]
[WhiteElo "2400"]
[BlackElo "2310"]

1.d4 Nf6 2.c4 c5 3.d5 e6 4.Nc3 exd5 5.cxd5 d6 6.Nf3 Nbd7 7.e4 h6 8.a4 g5
9.Be2 Bg7 10.Nd2 Ne5 11.Nf1 O-O 12.Ng3 Re8 13.Qc2 Ng6 14.O-O Nf4 15.Bb5 Re7
16.Nd1 h5 17.Nc3 Ng4 18.Nce2 a6 19.Bc4 Be5 20.h3 Nf6 21.Nxf4 gxf4 22.Nf5 Re8
23.Ra3 Kh7 24.Rf3 b5 25.axb5 axb5 26.Bxb5 Rg8 27.Bxf4 Bxf5 28.Bxe5 dxe5 29.Rxf5 Rg6
30.Qe2 Rb8 31.Bc4 Qg8 32.Qf3 Qg7 33.Kh1 Rxb2 34.Rxe5  1-0

[Event "Cansys IM-A"]
[Site "Budapest"]
[Date "1991.??.??"]
[Round "12"]
[White "Budnikov, Alexandar"]
[Black "Palkovi, Jozsef"]
[Result "0-1"]
[WhiteElo "2440"]
[BlackElo "2460"]

1.d4 Nf6 2.Nf3 e6 3.c4 c5 4.d5 exd5 5.cxd5 d6 6.Nc3 g6 7.g3 Bg7 8.Bg2 O-O
9.O-O a6 10.a4 Nbd7 11.Re1 Rb8 12.e4 b5 13.axb5 axb5 14.Bf1 b4 15.Nb5 Rb6
16.Bf4 Ne8 17.Qc2 Qe7 18.Na7 Bb7 19.Bb5 Nc7 20.Nc6 Bxc6 21.Bxc6 Ne5 22.Bxe5 Bxe5
23.Ra7 Ra6 24.Rxa6 Nxa6 25.Ra1 b3 26.Qxb3 Rb8 27.Qc4 Nb4 28.Qe2 Bxb2 29.Qxb2 Nxc6
30.Qc3 Nb4 31.Nd2 Re8 32.Nc4 h5 33.f3 h4 34.Kg2 f5 35.Re1 Nxd5 36.Qd2 Qe6
37.Rd1 h3+ 38.Kf2 Ne7 39.Nxd6 Rd8 40.e5 Ra8 41.Rb1 Nc6 42.Nb5 Nxe5 43.Nc3 c4
44.Qe3 Re8 45.Kf1 Qc6 46.Rb6 Nd3 47.Qxd3 Qxb6 48.Qxc4+ Kg7 49.g4 fxg4 50.Ne4 Qb1+
51.Kf2 Qb2+ 52.Ke3 Qxh2 53.Qc3+ Qe5 54.Qb3  0-1

[Event "Cappelle op"]
[Site "Cappelle la Grande"]
[Date "1991.??.??"]
[Round "4"]
[White "Roeder, Mathias"]
[Black "Harlin, Henri"]
[Result "0-1"]
[WhiteElo "2430"]
[BlackElo "2260"]

1.d4 Nf6 2.c4 e6 3.Nf3 c5 4.d5 exd5 5.cxd5 d6 6.Nc3 g6 7.Bf4 Bg7 8.Qa4+ Bd7
9.Qb3 Qc7 10.e4 O-O 11.Nd2 a6 12.a4 Ne8 13.Nc4 Kh8 14.Be2 f5 15.e5 dxe5 16.d6 Nxd6
17.Nxe5 Nc6 18.Nd5 Qd8 19.Nxc6 Bxc6 20.Nb6 c4 21.Qb4 a5 22.Qxd6 Qxb6 23.Be5 Rfe8  0-1

[Event "Cappelle op"]
[Site "Cappelle la Grande"]
[Date "1991.??.??"]
[Round "5"]
[White "Anastasian, Ashot"]
[Black "Boudre, Jean Pierre"]
[Result "1-0"]
[WhiteElo "2475"]
[BlackElo "2365"]

1.d4 Nf6 2.Nf3 e6 3.c4 c5 4.d5 exd5 5.cxd5 d6 6.Nc3 g6 7.Bf4 a6 8.a4 Bg7
9.e4 Bg4 10.Be2 O-O 11.Nd2 Bxe2 12.Qxe2 Nh5 13.Be3 Nd7 14.O-O Qe7 15.a5 f5
16.exf5 Bxc3 17.bxc3 Rxf5 18.Rfe1 Nhf6 19.c4 Re8 20.h3 h5 21.Rab1 Ne5 22.Rb3 Qc7
23.Reb1 Qxa5 24.Rxb7 Nf7 25.Qd3 Qa4 26.Nf3 Nd7 27.Qc3 Nfe5 28.Nd2 Nf6 29.Ra1  1-0

[Event "Cappelle op"]
[Site "Cappelle la Grande"]
[Date "1991.??.??"]
[Round "7"]
[White "Kinsman, Andrew PH"]
[Black "Hardicsay, Peter"]
[Result "1-0"]
[WhiteElo "2300"]
[BlackElo "2360"]

1.d4 Nf6 2.Nf3 e6 3.c4 c5 4.d5 exd5 5.cxd5 d6 6.Nc3 g6 7.Bf4 Bg7 8.Qa4+ Bd7
9.Qb3 b5 10.Bxd6 Qb6 11.Be5 O-O 12.e3 c4 13.Qd1 Na6 14.Be2 Rfe8 15.O-O Rad8
16.Qd4 b4 17.Nb1 Bg4 18.Nbd2 Rxd5 19.Qxb6 axb6 20.Bxc4 Bxf3 21.Nxf3 Ra5 22.Bd4 Nc5
23.Rfd1 Nfe4 24.a3 b3 25.Bxg7 Kxg7 26.Nd4 Rc8 27.Bxb3 Nxb3 28.Nxb3 Rb5 29.Nd2 Nf6
30.b3 Rc6 31.e4 Rbc5 32.f3 b5 33.a4 bxa4 34.bxa4 Ra5 35.Rdb1 Nd7 36.Nb3 Raa6
37.a5 Ne5 38.Nd4 Rc8 39.f4 Nd3 40.Rb5 Rc4 41.Nb3 Nxf4 42.Nc5 Ra8 43.Kf1 Rc2
44.a6 Rd8 45.Nb3 Rd3 46.Rg5 Rxb3 47.a7 Rc8 48.a8=Q Rxa8 49.Rxa8 Rb4 50.Re8 Ne6
51.Rg4 h5 52.Rh4 Kh6 53.g3 Kg5 54.Re7 f6 55.Rxe6  1-0

[Event "JUG-chT Cetinje"]
[Site "Cetinje"]
[Date "1991.??.??"]
[Round "3"]
[White "Rajkovic, Dusan"]
[Black "Pavlovic, Milos"]
[Result "1-0"]
[WhiteElo "2495"]
[BlackElo "2480"]

1.d4 Nf6 2.c4 e6 3.Nf3 c5 4.d5 exd5 5.cxd5 d6 6.Nc3 g6 7.e4 Bg7 8.h3 O-O
9.Bd3 a6 10.a4 Nbd7 11.O-O Re8 12.Bf4 Qe7 13.Bh2 Nh5 14.Nd2 Qf6 15.Nc4 Nf4
16.Ne2 Bh6 17.Nxf4 Bxf4 18.Bxf4 Qxf4 19.Qc1 Qf6 20.Qc3 Qe7 21.a5 Ne5 22.Nxe5 Qxe5
23.Qxe5 Rxe5 24.f3 f5 25.Rab1 c4 26.Bxc4 fxe4 27.Rfe1 Bf5 28.g4 Rc8 29.Rbc1 Bd7
30.fxe4 h5 31.Bd3 hxg4 32.Rxc8+ Bxc8 33.Rc1 Re8 34.hxg4 Bxg4 35.Rc7 Bc8 36.e5 dxe5
37.Bxg6 Rd8 38.Kf2 Bd7 39.Rxb7 Bb5 40.Ke3 Bc4 41.Bf7+ Kg7 42.Ke4 Kf6 43.Be6 Rh8
44.Rf7+ Kg6 45.Kxe5 Rb8 46.Rf4 Rb4 47.Bf5+  1-0

[Event "Capablanca mem-B"]
[Site "Cienfuegos"]
[Date "1991.??.??"]
[Round "8"]
[White "Pecorelli Garcia, Humberto"]
[Black "Franco Ocampo, Zenon"]
[Result "1/2-1/2"]
[WhiteElo "2390"]
[BlackElo "2495"]

1.d4 Nf6 2.c4 e6 3.Nf3 c5 4.d5 d6 5.Nc3 exd5 6.cxd5 g6 7.Bf4 a6 8.a4 Bg7
9.e4 Bg4 10.Be2 Bxf3 11.Bxf3 Qe7 12.O-O Nbd7 13.Re1 O-O 14.a5 h5 15.Na4 Ne8
16.Rc1 g5 17.Bd2 g4 18.Be2 Qxe4 19.Bxa6 Qxd5 20.Bb5 Nef6 21.Bc3 Rad8 22.Rc2 Qb3
23.Bxd7 Nxd7 24.Rd2 Qxd1 25.Rexd1 Bxc3 26.Nxc3 Ne5 27.Rxd6 Rxd6 28.Rxd6 Nc4
29.Rd5 Re8 30.h3 Nxb2 31.Rxc5 Nd3 32.Rxh5 Re1+ 33.Kh2 gxh3 34.gxh3 Nxf2 35.Rb5 Ra1
36.Kg3 Ra3 37.Kxf2 Rxc3 38.h4 Ra3 39.Ke2 Kg7 40.h5 Kh6 41.Kd2 Rh3 42.Rxb7 Rxh5
43.Rxf7  1/2-1/2

[Event "Politicen Cup"]
[Site "Copenhagen"]
[Date "1991.??.??"]
[Round "?"]
[White "Stentebjerg Hansen, Per"]
[Black "Suba, Mihai"]
[Result "0-1"]
[WhiteElo "2255"]
[BlackElo "2540"]

1.d4 Nf6 2.c4 e6 3.Nf3 c5 4.d5 d6 5.Nc3 exd5 6.cxd5 g6 7.e4 a6 8.a4 Bg4 9.Be2 Bxf3
10.Bxf3 Nbd7 11.Rb1 Rc8 12.Bd2 Bg7 13.O-O O-O 14.b3 Re8 15.Qc2 Qe7 16.g3 Ne5
17.Bg2 c4 18.b4 Nd3 19.f3 Nd7 20.Bh3 h5 21.Ne2 Rc7 22.Be3 f5 23.Nf4 Nf8 24.Bb6 Nxf4
25.gxf4 Rd7 26.exf5 Qh4 27.f6 Qxh3 28.fxg7 Rxg7 29.Bd4 Rf7 30.Rbe1 Rxe1 31.Rxe1 Qxf3
32.Rf1 Qg4+ 33.Kh1 Rxf4 34.Rxf4 Qxf4 35.Qxc4 h4 36.Kg2 h3+ 37.Kxh3 Qf3+ 38.Kh4 g5+
39.Kxg5 Nh7+ 40.Kh4 Qf4+  0-1

[Event "DEN-chB"]
[Site "DEN"]
[Date "1991.??.??"]
[Round "5"]
[White "Hansen, Sune Berg"]
[Black "Thuesen, Mogens"]
[Result "1/2-1/2"]
[WhiteElo "2355"]
[BlackElo "2250"]

1.d4 Nf6 2.c4 e6 3.Nf3 c5 4.d5 exd5 5.cxd5 d6 6.Nc3 g6 7.e4 a6 8.a4 Bg4 9.Be2 Bxf3
10.Bxf3 Bg7 11.O-O Nbd7 12.Bf4 Qe7 13.Re1 O-O 14.Qc2 h5 15.h3  1/2-1/2

[Event "Telecom op"]
[Site "Dublin"]
[Date "1991.??.??"]
[Round "?"]
[White "Levitt, Jonathan"]
[Black "Suba, Mihai"]
[Result "0-1"]
[WhiteElo "2490"]
[BlackElo "2540"]

1.d4 Nf6 2.c4 e6 3.Nf3 c5 4.d5 d6 5.Nc3 exd5 6.cxd5 g6 7.e4 Bg7 8.h3 O-O
9.Bd3 a6 10.O-O b5 11.a3 Nh5 12.Bg5 Qc7 13.Qd2 Nd7 14.Rac1 Bb7 15.Rfe1 Rae8
16.b4 Bc8 17.Bh6 c4 18.Bc2 Ne5 19.Nd4 Bxh6 20.Qxh6 Qb6 21.Red1 Nd3 22.Bxd3 Qxd4
23.Be2 Qg7 24.Qe3 f5 25.Bxh5 gxh5 26.Qd4 fxe4 27.Nxe4 Qg6 28.Ng3 Qg5 29.Re1 Bxh3
30.gxh3 h4 31.Rxe8 Qxc1+ 32.Kg2 Rxe8 33.Qxh4 Qd2 34.Qg4+ Kh8 35.Qf5 Qd4 36.Qf7 Rg8
37.Qe6 Rf8 38.Ne4 c3 39.Qe7 Rg8+ 40.Kf3 c2  0-1

[Event "FRA-chT"]
[Site "FRA"]
[Date "1991.??.??"]
[Round "?"]
[White "Leriche, Eric"]
[Black "Lejeune, Jean Pierre"]
[Result "1/2-1/2"]
[WhiteElo "2275"]
[BlackElo "2380"]

1.d4 Nf6 2.Nf3 e6 3.c4 c5 4.d5 exd5 5.cxd5 d6 6.Nc3 g6 7.e4 Bg7 8.h3 O-O
9.Bd3 a6 10.a4 Re8 11.O-O Nbd7 12.Bf4 Nh5 13.Bh2 Ne5 14.Be2 Nxf3+ 15.Bxf3 Nf6
16.Re1 Nd7 17.Bg4 Ne5 18.Bxc8 Rxc8 19.f4 Nc4 20.Qe2 Na5 21.e5 Nb3 22.Rad1 Nd4
23.Qf1 Qd7 24.Ne4 dxe5 25.fxe5 Qxd5 26.Nd6 Rf8 27.Nxc8 Rxc8 28.Qd3 a5 29.Kh1 b6
30.Qa6 Qe6 31.Qd3 Rd8 32.Qg3 h5 33.Qf2 Qc4 34.e6  1/2-1/2

[Event "FRA-chT"]
[Site "FRA"]
[Date "1991.??.??"]
[Round "?"]
[White "Villeneuve, Alain"]
[Black "Lecuyer, Christian"]
[Result "1-0"]
[WhiteElo "2345"]
[BlackElo "2310"]

1.d4 Nf6 2.c4 e6 3.Nf3 c5 4.d5 exd5 5.cxd5 d6 6.Nc3 g6 7.h3 Bg7 8.e4 O-O
9.Bd3 a6 10.a4 Nbd7 11.Bf4 Qe7 12.O-O Re8 13.Re1 Nh5 14.Bg5 Bf6 15.Bd2 Ne5
16.Be2 Nxf3+ 17.Bxf3 Ng7 18.a5 Be5 19.Na4 Bd7 20.Nb6 Rad8 21.Nc4 Bd4 22.Bc3 Bxc3
23.bxc3 Qf6 24.Re3 Bb5 25.Be2 Bxc4 26.Bxc4 Re5 27.Qe2 Rde8 28.Re1 Qh4 29.Qg4 Qd8
30.f4 f5 31.Qg5 Qxg5 32.fxg5 fxe4 33.g4 Rxg5 34.Rxe4 Rxe4 35.Rxe4 Kf7 36.h4 Re5
37.Rxe5 dxe5 38.d6+ Ke8 39.Bd5 Kd7 40.Bxb7 Kxd6 41.Bxa6 g5 42.hxg5 Ne6 43.Bc8 Nxg5
44.a6  1-0

[Event "FRA-chT"]
[Site "FRA"]
[Date "1991.??.??"]
[Round "?"]
[White "Leriche, Eric"]
[Black "Kirsch, B."]
[Result "1-0"]
[WhiteElo "2275"]
[BlackElo "2110"]

1.d4 Nf6 2.Nf3 c5 3.d5 e6 4.c4 exd5 5.cxd5 d6 6.Nc3 g6 7.e4 Bg7 8.Bd3 Bg4
9.Qa4+ Nbd7 10.Nd2 O-O 11.Qc2 Ne5 12.h3 Bd7 13.Be2 g5 14.a4 Re8 15.Nf1 h6
16.Ne3 a6 17.O-O Rc8 18.Bd2 Re7 19.a5 Ng6 20.Nc4 Qc7 21.f4 gxf4 22.Bxf4 Nxf4
23.Rxf4 Bb5 24.Ne3 Bxe2 25.Qxe2 Rce8 26.Qf3 Nh7 27.Nf5 Bd4+ 28.Kh1 Ng5 29.Qg4 Kh7
30.Nxe7 Qxe7 31.Raf1 Be5 32.Rf5 Bxc3 33.bxc3 Qxe4 34.Rxf7+  1-0

[Event "Arnold Cup"]
[Site "Gausdal"]
[Date "1991.??.??"]
[Round "1"]
[White "Stohl, Igor"]
[Black "Wedberg, Tom"]
[Result "1/2-1/2"]
[WhiteElo "2550"]
[BlackElo "2465"]

1.d4 Nf6 2.c4 e6 3.Nf3 c5 4.d5 d6 5.Nc3 exd5 6.cxd5 g6 7.h3 Bg7 8.e4 O-O
9.Bd3 Re8 10.O-O c4 11.Bc2 b5 12.Nxb5 Nxe4 13.Re1 Ba6 14.a4 Bxb5 15.axb5 Nc5
16.Rxe8+ Qxe8 17.b6 a6 18.Bf4 Qb5 19.Bxd6 Qxb6 20.Be5 Bxe5 21.Nxe5 Qxb2 22.Nxc4 Qf6
23.Ra3  1/2-1/2

[Event "Arnold Cup"]
[Site "Gausdal"]
[Date "1991.??.??"]
[Round "4"]
[White "Law, Andrew P"]
[Black "Lindemann, Sven"]
[Result "1-0"]
[WhiteElo "2340"]
[BlackElo "2305"]

1.d4 Nf6 2.Nf3 c5 3.d5 e6 4.c4 exd5 5.cxd5 d6 6.Nc3 g6 7.h3 a6 8.a4 Bg7 9.e4 O-O
10.Bd3 Re8 11.O-O Nbd7 12.Bf4 Qc7 13.Re1 Rb8 14.Rc1 h6 15.b4 c4 16.Bb1 Nh5
17.Be3 b5 18.axb5 axb5 19.Nd4 Ba6 20.Re2 Rb7 21.Ra2 Nb8 22.Ra5 Qd7 23.Qd2 g5
24.Nf5 Qd8 25.Qa2 Nf4 26.Nxg7 Kxg7 27.Rxa6 Nxa6 28.Qxa6 Qd7 29.Qa2 Ng6 30.Ne2 g4
31.hxg4 Qxg4 32.Ng3 Nh4 33.Qd2 h5 34.Bf4 Rg8 35.Bxd6 f6 36.Qf4 Qxf4 37.Bxf4 Kf7
38.Kf1 Nxg2 39.Kxg2 h4 40.e5 fxe5 41.Bxe5 hxg3 42.Bxg3 Ra7 43.Bf5 Kf6 44.Be6 Rg6
45.Kf3 Ra3+ 46.Ke4 Rb3 47.Bd6 Rg2 48.Bc5 Rh2 49.Bd4+ Ke7 50.Ra1 Rh4+ 51.f4 Rh2
52.Ra7+ Ke8 53.Bf6  1-0

[Event "NRW-Hessen"]
[Site "Germany"]
[Date "1991.??.??"]
[Round "?"]
[White "Molinaroli, Martin"]
[Black "Schoebel, Wolfgang"]
[Result "0-1"]
[WhiteElo "2245"]
[BlackElo "2275"]

1.d4 Nf6 2.Nf3 e6 3.c4 c5 4.d5 exd5 5.cxd5 d6 6.Nc3 g6 7.e4 Bg7 8.Be2 O-O
9.Bf4 a6 10.a4 Bg4 11.Nd2 Bxe2 12.Qxe2 Nh5 13.Be3 Nd7 14.O-O Qe7 15.g4 Nhf6
16.f4 Ne8 17.Qf3 f5 18.Rae1 fxg4 19.Qxg4 Nc7 20.e5 dxe5 21.f5 gxf5 22.Rxf5 Rxf5
23.Qxf5 Rf8 24.Qg4 Nf6 25.Qc4 Qf7 26.Bxc5 Rc8 27.Nde4 Nxe4 28.Rxe4 b5 29.axb5 axb5
30.Qb3 Nxd5 31.Nxd5 Rxc5 32.Ne7+ Kf8 33.Qxf7+ Kxf7 34.Nf5 Bf6 35.b4 Rc1+
36.Kg2 Ke6 37.Ne3 h5 38.Kf3 Rb1 39.Nc2 Rb3+ 40.Re3 Rxe3+ 41.Kxe3 Kd5 42.Na3 Bg5+
43.Kf3 e4+ 44.Ke2 Be7 45.Nxb5 Bxb4 46.Nc7+ Ke5 47.h4 Bc5 48.Ne8 Kf5 49.Ng7+ Kg4
50.Ne6 Bb6 51.Ng5 e3 52.Nf3 Ba7 53.Ng1 Bb6 54.Kf1 Kxh4 55.Kg2 Kg4 56.Nf3 e2
57.Ne5+ Kf4 58.Nd3+ Ke3 59.Ne1 Ba5 60.Nc2+ Kd3 61.Kf3 h4 62.Kf2 h3  0-1

[Event "BL2-S9091"]
[Site "Germany"]
[Date "1991.??.??"]
[Round "?"]
[White "Schmid, Guenter"]
[Black "Weigel, Robert"]
[Result "1-0"]
[WhiteElo "2310"]
[BlackElo "2310"]

1.d4 Nf6 2.Nf3 c5 3.d5 e6 4.c4 exd5 5.cxd5 d6 6.Nc3 g6 7.e4 Bg7 8.h3 O-O
9.Bd3 b6 10.O-O Ba6 11.Bf4 Re8 12.a4 Qe7 13.e5 dxe5 14.Bxe5 Qb7 15.Bb5 Rd8
16.Qe2 Bxb5 17.axb5 Nbd7 18.Qc4 Ne8 19.Bh2 Bf8 20.Rfe1 Nd6 21.Bxd6 Bxd6 22.Ne4 Qc7
23.Qc3 Re8 24.Rad1 Re7 25.Nxd6 Rxe1+ 26.Qxe1 Qxd6 27.Ng5 Nf6 28.Ne4 Nxe4
29.Qxe4 Rd8 30.f4 Rd7 31.Qe5 f6 32.Qe8+ Kg7 33.Qc8 Rc7 34.Qb8 f5 35.b3 Rd7
36.Qe8 Re7 37.Qc6 Rd7 38.Re1 Qxd5 39.Re7+ Kh6 40.Qxd7  1-0

[Event "Regionalliga NordN"]
[Site "Germany"]
[Date "1991.??.??"]
[Round "?"]
[White "Nogly, Christoph"]
[Black "Voigt, Martin"]
[Result "1-0"]
[WhiteElo "2250"]
[BlackElo "2240"]

1.d4 Nf6 2.c4 c5 3.d5 e6 4.Nc3 exd5 5.cxd5 d6 6.Nf3 g6 7.g3 Bg7 8.Bg2 O-O
9.O-O a6 10.a4 Re8 11.Re1 Nbd7 12.e4 Nh5 13.Bg5 f6 14.Bd2 Ne5 15.Nxe5 fxe5
16.a5 b5 17.axb6 Qxb6 18.Na4 Qb7 19.Ba5 Rb8 20.Nb6 Nf6 21.Qd3 g5 22.Bf1 g4
23.Ra4 Bd7 24.Nxd7 Qxd7 25.Ra2 Rf8 26.Bc3 Qf7 27.Rxa6 Ne8 28.Qe2 Rb7 29.Rea1 Qh5
30.h3 Rbf7 31.Be1 Qg6 32.Qxg4 Qxg4 33.hxg4 Nf6 34.R1a4 Rb8 35.g5 Ne8 36.Ra8 Rfb7
37.Bc3 Bf8 38.f4 exf4 39.gxf4 h6 40.g6 Bg7 41.e5 h5 42.R4a7 Bh6 43.f5 Ng7
44.Bh3 c4 45.Rxb7 Rxa8 46.f6  1-0

[Event "Regionalliga NordN"]
[Site "Germany"]
[Date "1991.??.??"]
[Round "?"]
[White "Steckner, Johannes"]
[Black "Lindemann, Sven"]
[Result "1-0"]
[WhiteElo "2300"]
[BlackElo "2305"]

1.d4 Nf6 2.c4 c5 3.d5 e6 4.Nc3 exd5 5.cxd5 d6 6.Nf3 g6 7.g3 Bg7 8.Bg2 O-O
9.O-O a6 10.a4 Nbd7 11.e4 Re8 12.Re1 Rb8 13.Bf4 Qc7 14.e5 dxe5 15.Nxe5 Nxe5
16.d6 Qb6 17.Bxe5 Bd7 18.Qc2 Qa5 19.Bf4 h6 20.Rxe8+ Rxe8 21.Bxb7 g5 22.Bd2 Qb6
23.Bf3 Qxd6 24.Rd1 Qc7 25.Nd5 Nxd5 26.Bxd5 Qb6 27.b3 Bg4 28.Rc1 Bd4 29.Bc3 Re2
30.Qd3 Bxf2+ 31.Kh1 Re3 32.Qc4 Be6 33.Kg2 Rxc3 34.Rxc3 Bd4 35.Rf3 Qd6 36.Bxe6 fxe6
37.Qd3 Kg7 38.Qe4 Qb6 39.h4 Bf6 40.h5  1-0

[Event "Aandalucia-ch"]
[Site "Granada"]
[Date "1991.??.??"]
[Round "4"]
[White "Sanchez Jimenez, Juan Carlos"]
[Black "Rodriguez, Rafael"]
[Result "1-0"]
[WhiteElo "2250"]
[BlackElo "2045"]

1.d4 Nf6 2.Nf3 c5 3.d5 e6 4.c4 exd5 5.cxd5 d6 6.Nc3 g6 7.Bf4 a6 8.e4 Bg7
9.Qa4+ Bd7 10.Qb3 Qe7 11.Bxd6 Qxd6 12.Qxb7 O-O 13.e5 Re8 14.Be2 Nxd5 15.exd6 Bxc3+
16.bxc3 Nxc3 17.O-O Nxe2+ 18.Kh1 Bc6 19.d7 Rd8 20.Qc8  1-0

[Event "Groningen op"]
[Site "Groningen"]
[Date "1991.??.??"]
[Round "3"]
[White "Blees, Albert"]
[Black "Ernst, Thomas"]
[Result "0-1"]
[WhiteElo "2380"]
[BlackElo "2525"]

1.d4 Nf6 2.c4 e6 3.Nf3 c5 4.d5 exd5 5.cxd5 d6 6.Nc3 g6 7.e4 Bg7 8.Bd3 O-O
9.h3 Re8 10.O-O c4 11.Bxc4 Nxe4 12.Nxe4 Rxe4 13.Bg5 Bf6 14.Bd3 Re8 15.Qd2 Bxg5
16.Nxg5 Nd7 17.Rae1 Ne5 18.Bb5 Bd7 19.Bxd7 Nxd7 20.Rxe8+ Qxe8 21.Re1 Qd8
22.Qf4 Nf6 23.Qh4 Rc8 24.Re3 Kg7 25.Qb4 h6 26.Ne4 Rc1+ 27.Kh2 Nxe4 28.Rxe4 Qf6
29.Qd4 Qxd4 30.Rxd4 Rc2 31.Rb4 b6 32.Kg3 Rd2 33.Rb5 Kf6 34.f4 Kf5 35.Rb4 Rxd5
36.Kf3 Ke6 37.Ke3 f5 38.a3 Rc5 39.Kd3 Kd5 40.Ra4 a5 41.g4 Rc1 42.Rd4+ Kc6
43.Kd2 Kc5 44.Rd3 Rc4 45.Ke3 d5 46.b3 Re4+ 47.Kf3 d4 48.b4+ axb4 49.axb4+ Kxb4
50.Rd1 Re3+ 51.Kf2 Kc4 52.gxf5 gxf5 53.Rg1 Rxh3 54.Rg6 b5 55.Rc6+ Kd5  0-1

[Event "Groningen op"]
[Site "Groningen"]
[Date "1991.??.??"]
[Round "4"]
[White "Zlotnik, Boris A"]
[Black "Sulipa, Aleksandar"]
[Result "1-0"]
[WhiteElo "2450"]
[BlackElo "2380"]

1.d4 Nf6 2.c4 c5 3.d5 e6 4.Nc3 exd5 5.cxd5 d6 6.Nf3 g6 7.Nd2 Nbd7 8.e4 Bg7
9.Be2 O-O 10.O-O Re8 11.Re1 a6 12.a4 b6 13.f4 Rb8 14.Bc4 Nh5 15.Nf3 Nf8 16.Qd3 b5
17.axb5 axb5 18.Nxb5 Qb6 19.Bd2 Qd8 20.e5 Bf5 21.Qf1 dxe5 22.Ba5 Qd7 23.Nxe5 Qb7
24.Bc3 Qb6 25.Na7 Ra8 26.Nac6 Rxa1 27.Rxa1 Bc8 28.Ra8 Nf6 29.Rb8 Qc7 30.d6 Qxd6
31.Bxf7+ Kh8 32.Bxe8  1-0

[Event "Hallsberg op"]
[Site "Hallsberg"]
[Date "1991.??.??"]
[Round "?"]
[White "Hultin, Johan"]
[Black "Hall, Jesper"]
[Result "1/2-1/2"]
[WhiteElo "2235"]
[BlackElo "2315"]

1.d4 Nf6 2.c4 e6 3.Nf3 c5 4.d5 exd5 5.cxd5 d6 6.Nc3 g6 7.e4 Bg7 8.h3 O-O
9.Bd3 b5 10.Nxb5 Nxe4 11.Bxe4 Re8 12.Ng5 Qa5+ 13.Nc3 Ba6 14.Bd2 h6 15.Ne6 fxe6
16.Qg4 Nd7 17.Qxg6 Nf8 18.Qg4 exd5 19.Nxd5 Qa4 20.f3 Qc4 21.Kd1 Rab8 22.Rb1 Re5
23.Nf6+ Kh8 24.Nh5 Qe2+ 25.Kc1 Rg5 26.Bxg5 Bxb2+ 27.Rxb2 Qxb2+ 28.Kd1 Qe2+
29.Kc1 hxg5 30.Qxg5 Qb2+ 31.Kd1 Qe2+  1/2-1/2

[Event "Hallsberg op"]
[Site "Hallsberg"]
[Date "1991.??.??"]
[Round "?"]
[White "Sjodahl, Pontus"]
[Black "Jepson, Christian"]
[Result "1/2-1/2"]
[WhiteElo "2310"]
[BlackElo "2235"]

1.d4 Nf6 2.c4 e6 3.Nf3 c5 4.d5 exd5 5.cxd5 d6 6.Nc3 g6 7.e4 Bg7 8.h3 O-O
9.Bd3 b5 10.Bxb5 Nxe4 11.Nxe4 Qa5+ 12.Nfd2 Qxb5  1/2-1/2